[Event "IX American Continental Classical Championship 201"]
[Site "Hotel Pipa AtlÃ¢ntico - Praia da Pipa - Rio Grande"]
[Date "2014.10.19"]
[Round "2"]
[Board "42"]
[White "Macedo, Maximo Valerio"]
[Black "Martins, George Evandro Barret"]
[Result "1/2-1/2"]
[WhiteElo "2085"]
[BlackElo "2276"]
[PlyCount "36"]
[EventDate "2014.10.18"]
[EventRounds "11"]
[EventCountry "BRA"]

1. e4 d5 2. e5 c5 3. g3 Nc6 4. f4 f6 5. exf6 Nxf6 6. Nf3 Bg4 7. Be2 Bxf3 8.
Bxf3 e6 9. O-O Bd6 10. Nc3 O-O 11. d3 a6 12. Bg2 Qc7 13. Bd2 Rad8 14. f5 exf5
15. Nxd5 Nxd5 16. Bxd5+ Kh8 17. Bxc6 Qxc6 18. Qf3 Qxf3 1/2-1/2

[Event "IX American Continental Classical Championship 201"]
[Site "Hotel Pipa AtlÃ¢ntico - Praia da Pipa - Rio Grande"]
[Date "2014.10.19"]
[Round "2"]
[Board "43"]
[White "Alarcon Bahamondes, Roberto"]
[Black "Hernandez Amura, Gilberto"]
[Result "1-0"]
[WhiteElo "2276"]
[BlackElo "2061"]
[PlyCount "83"]
[EventDate "2014.10.18"]
[EventRounds "11"]
[EventCountry "BRA"]

1. c4 e5 2. Nc3 g6 3. g3 Bg7 4. Bg2 d6 5. d3 f5 6. e4 Nf6 7. Nge2 O-O 8. exf5
gxf5 9. d4 c6 10. O-O Be6 11. c5 e4 12. Bf4 d5 13. Bd6 Rf7 14. b4 Nh5 15. Nf4
Nxf4 16. Bxf4 Nd7 17. Rc1 b5 18. a4 a6 19. Qd2 Nf8 20. Ra1 Ng6 21. Bg5 Qb8 22.
Ne2 Rb7 23. h4 h5 24. Ra2 a5 25. axb5 Rxb5 26. bxa5 Bc8 27. Bh3 Rb3 28. Nf4
Nxf4 29. Bxf4 Qb4 30. Rd1 Qxd2 31. Rdxd2 Rb4 32. Be3 Rb1+ 33. Kh2 Rb5 34. a6
Rxa6 35. Rxa6 Bxa6 36. Ra2 Bb7 37. Bxf5 Kf7 38. Ra7 Kf6 39. Bd7 Kg6 40. Be8+
Kh7 41. Bxh5 Bh6 42. g4 1-0

[Event "IX American Continental Classical Championship 201"]
[Site "Hotel Pipa AtlÃ¢ntico - Praia da Pipa - Rio Grande"]
[Date "2014.10.19"]
[Round "2"]
[Board "44"]
[White "Ferreira, Kleber Victor"]
[Black "Llorens Sepulveda, Marcelo"]
[Result "0-1"]
[WhiteElo "2079"]
[BlackElo "2275"]
[PlyCount "80"]
[EventDate "2014.10.18"]
[EventRounds "11"]
[EventCountry "BRA"]

1. e4 e6 2. Nc3 d5 3. d4 Bb4 4. a3 Be7 5. Be3 b6 6. Bb5+ c6 7. Bd3 Ba6 8. Bxa6
Nxa6 9. Qd3 Nb8 10. Nf3 Nf6 11. e5 Nfd7 12. Ne2 Qc8 13. c3 Qa6 14. Qc2 c5 15.
O-O Nc6 16. Nf4 Rc8 17. Rac1 O-O 18. Qb1 cxd4 19. cxd4 Na5 20. h4 Rxc1 21. Rxc1
Rc8 22. Ng5 Nf8 23. Rxc8 Qxc8 24. Qd1 Nc4 25. Bc1 Ng6 26. Nxg6 Bxg5 27. Bxg5
hxg6 28. Qc1 Qc6 29. g4 Qb5 30. b4 Qa4 31. Be7 Qxa3 32. Qf4 Qd3 33. h5 gxh5 34.
gxh5 Qd1+ 35. Kg2 Qxh5 36. Qg3 a5 37. bxa5 bxa5 38. Bf6 Qg6 39. Qxg6 fxg6 40.
Be7 a4 0-1

[Event "IX American Continental Classical Championship 201"]
[Site "Hotel Pipa AtlÃ¢ntico - Praia da Pipa - Rio Grande"]
[Date "2014.10.19"]
[Round "2"]
[Board "45"]
[White "Sztokbant, Bernardo Vainzoff"]
[Black "Maracaba, Francisco Wladimir G"]
[Result "1-0"]
[WhiteElo "2271"]
[BlackElo "1957"]
[PlyCount "95"]
[EventDate "2014.10.18"]
[EventRounds "11"]
[EventCountry "BRA"]

1. e4 g6 2. d4 Bg7 3. Nf3 d6 4. Nc3 Bg4 5. Be2 Nf6 6. Bg5 c6 7. O-O O-O 8. Qd2
Bxf3 9. Bxf3 Nbd7 10. Rad1 Qc7 11. g3 c5 12. dxc5 Qxc5 13. Be2 Nb6 14. Be3 Qc6
15. Nd5 Nfxd5 16. exd5 Qc7 17. c3 Nc4 18. Bxc4 Qxc4 19. a3 b5 20. Bg5 f6 21.
Bf4 f5 22. Bg5 Bf6 23. Rfe1 Rae8 24. Re6 Qb3 25. Rde1 Bxg5 26. Qxg5 Qxd5 27.
Rxg6+ hxg6 28. Qxg6+ Kh8 29. Re6 Qd1+ 30. Kg2 Qg4 31. Qh6+ Kg8 32. Rg6+ Qxg6
33. Qxg6+ Kh8 34. Qh6+ Kg8 35. Qe6+ Kh7 36. Qd7 a6 37. Qb7 f4 38. Qxa6 fxg3 39.
hxg3 Rf5 40. Qc6 Ref8 41. Qe4 Kh8 42. f3 Re5 43. Qd3 Rff5 44. f4 Rd5 45. Qe4
Rd2+ 46. Kf3 Rfd5 47. Qxe7 R5d3+ 48. Kg4 1-0

[Event "IX American Continental Classical Championship 201"]
[Site "Hotel Pipa AtlÃ¢ntico - Praia da Pipa - Rio Grande"]
[Date "2014.10.19"]
[Round "2"]
[Board "47"]
[White "Feliciano Ebert, Vanessa"]
[Black "Vasconcelos, Paulo Cesar Da S."]
[Result "1-0"]
[WhiteElo "2252"]
[BlackElo "1844"]
[PlyCount "109"]
[EventDate "2014.10.18"]
[EventRounds "11"]
[EventCountry "BRA"]

1. e4 c5 2. Nf3 Nc6 3. Bb5 g6 4. Bxc6 bxc6 5. O-O Bg7 6. Re1 Nf6 7. c3 O-O 8.
d4 cxd4 9. cxd4 Qb6 10. Nc3 d6 11. h3 Ba6 12. b3 Rac8 13. Be3 Qb7 14. Rc1 Rfd8
15. Qc2 Ne8 16. h4 Nc7 17. h5 Nb5 18. Na4 Qd7 19. e5 Qg4 20. h6 Bf8 21. Rcd1
Bb7 22. exd6 Nxd6 23. Nc5 Rc7 24. Ne5 Qf5 25. Qc1 Qc8 26. Bf4 Ba8 27. Nf3 a5
28. Ne5 Ra7 29. g3 Nf5 30. Kg2 f6 31. Nf3 Nd6 32. Qd2 Qf5 33. Ne6 Rdd7 34. Qe2
g5 35. Bc1 Bxh6 36. Nc5 Rd8 37. Rh1 Bg7 38. Ne1 Qd5+ 39. f3 Nb5 40. Qd3 h6 41.
Nc2 Qf7 42. Bb2 e5 43. a4 Nc7 44. Qe2 exd4 45. Nxd4 Re8 46. Qf2 Nd5 47. Rhe1
Rae7 48. Nf5 Rxe1 49. Rxe1 Bf8 50. Bd4 Kh7 51. Qd2 Rxe1 52. Qxe1 Qg6 53. Qe6
Qg8 54. Qd7+ Bg7 55. Ne6 1-0

[Event "IX American Continental Classical Championship 201"]
[Site "Hotel Pipa AtlÃ¢ntico - Praia da Pipa - Rio Grande"]
[Date "2014.10.19"]
[Round "2"]
[Board "48"]
[White "Kaidanov, Gregory S"]
[Black "Cortes Arias, Mariela"]
[Result "1-0"]
[WhiteElo "2569"]
[BlackElo "1858"]
[PlyCount "75"]
[EventDate "2014.10.18"]
[EventRounds "11"]
[EventCountry "BRA"]

1. Nf3 Nf6 2. c4 g6 3. Nc3 Bg7 4. e4 d6 5. d4 O-O 6. h3 c5 7. d5 e5 8. g4 Na6
9. Bg5 h6 10. Be3 g5 11. Be2 Bd7 12. Nd2 Nc7 13. h4 Nh7 14. hxg5 Nxg5 15. Nf1
a6 16. a4 Rb8 17. Ng3 b5 18. b3 bxc4 19. Bxc4 Ne8 20. f3 Nf6 21. Kf1 Nfh7 22.
Kg2 Re8 23. Qd2 Qa5 24. Rab1 Bc8 25. Nd1 Qxd2+ 26. Bxd2 Bf8 27. Ne3 Kg7 28.
Nef5+ Bxf5 29. Nxf5+ Kg6 30. Bxa6 Nf6 31. Bc4 Rb7 32. a5 Ra8 33. a6 Rba7 34. b4
cxb4 35. Rxb4 Nd7 36. Be3 Rc7 37. Rhb1 Nc5 38. Rb8 1-0

[Event "IX American Continental Classical Championship 201"]
[Site "Hotel Pipa AtlÃ¢ntico - Praia da Pipa - Rio Grande"]
[Date "2014.10.19"]
[Round "2"]
[Board "50"]
[White "Caetano, Hugo Zanotti Mendonca"]
[Black "Meneghetti, Alexandre"]
[Result "1-0"]
[WhiteElo "2209"]
[BlackElo "1708"]
[PlyCount "33"]
[EventDate "2014.10.18"]
[EventRounds "11"]
[EventCountry "BRA"]

1. d4 c5 2. e3 Nf6 3. c4 g6 4. Nc3 d6 5. Nf3 Bg7 6. Be2 O-O 7. O-O Na6 8. b3
Nc7 9. Bb2 Bf5 10. Nh4 Bd7 11. Qc2 e6 12. Nf3 Bc6 13. Rfd1 Qe7 14. e4 Rfd8 15.
e5 dxe5 16. dxe5 Bxf3 17. exf6 1-0

[Event "IX American Continental Classical Championship 201"]
[Site "Hotel Pipa AtlÃ¢ntico - Praia da Pipa - Rio Grande"]
[Date "2014.10.19"]
[Round "2"]
[Board "51"]
[White "Mafra, Kaiser Luiz"]
[Black "Rothebarth, Ana Vitoria De Pau"]
[Result "1-0"]
[WhiteElo "2148"]
[BlackElo "2042"]
[PlyCount "61"]
[EventDate "2014.10.18"]
[EventRounds "11"]
[EventCountry "BRA"]

1. e4 e5 2. Nf3 Nc6 3. Nc3 Nf6 4. d4 exd4 5. Nxd4 Bb4 6. Nxc6 Bxc3+ 7. bxc3
bxc6 8. Bd3 d5 9. e5 Ne4 10. O-O Qe7 11. a4 Nxc3 12. Qh5 Bd7 13. Ba3 c5 14. e6
Bxe6 15. Qe5 Qf6 16. Qxf6 gxf6 17. Bxc5 Ne4 18. Bb5+ Bd7 19. Rfe1 Kd8 20. Bd4
c5 21. Bb2 Rg8 22. f3 Nd6 23. Bxf6+ Kc7 24. Re7 Nxb5 25. axb5 Rge8 26. Rxf7 Re6
27. Bh4 h6 28. Bf2 d4 29. c3 d3 30. Bxc5 d2 31. Bf2 1-0

[Event "IX American Continental Classical Championship 201"]
[Site "Hotel Pipa AtlÃ¢ntico - Praia da Pipa - Rio Grande"]
[Date "2014.10.19"]
[Round "2"]
[Board "52"]
[White "Magas Varas, Rodrigo"]
[Black "Azevedo Junior, Jose Ferreira"]
[Result "1/2-1/2"]
[WhiteElo "2041"]
[BlackElo "2088"]
[PlyCount "111"]
[EventDate "2014.10.18"]
[EventRounds "11"]
[EventCountry "BRA"]

1. e4 c6 2. d4 d5 3. e5 Bf5 4. Nf3 e6 5. Be2 c5 6. c4 Bxb1 7. Rxb1 Nc6 8. dxc5
Bxc5 9. O-O Nge7 10. a3 dxc4 11. Bxc4 Qxd1 12. Rxd1 Ng6 13. Bb5 Rc8 14. Bg5 h6
15. Bxc6+ bxc6 16. Bd2 Ke7 17. h4 Rhd8 18. h5 Nf8 19. Rbc1 Bb6 20. Bb4+ c5 21.
Rxd8 Kxd8 22. Bc3 Nd7 23. Nd2 Bc7 24. Nc4 Nb6 25. Nxb6 axb6 26. Rd1+ Ke7 27. f4
Ra8 28. Kf2 Ra4 29. Kf3 f6 30. Re1 fxe5 31. Bxe5 Bxe5 32. Rxe5 Kf6 33. Re4 Ra7
34. Re3 Rd7 35. Rb3 Rd6 36. Re3 c4 37. b3 Rc6 38. bxc4 Rxc4 39. Rb3 b5 40. Rxb5
Rc3+ 41. Kg4 Rxa3 42. Rb6 Re3 43. Ra6 Re2 44. g3 Re3 45. Rb6 Rd3 46. Ra6 Ke7
47. Ra7+ Kf6 48. Ra6 Rd7 49. Rb6 Kf7 50. Ra6 Ke7 51. Rb6 Ra7 52. Rb8 Kf6 53.
Rb6 Kf7 54. Rb8 Re7 55. Rb5 Kf6 56. Rb6 1/2-1/2

[Event "IX American Continental Classical Championship 201"]
[Site "Hotel Pipa AtlÃ¢ntico - Praia da Pipa - Rio Grande"]
[Date "2014.10.19"]
[Round "2"]
[Board "53"]
[White "Bortoloso, Moacir Canella"]
[Black "Luz, Arthur Nader"]
[Result "0-1"]
[WhiteElo "2190"]
[BlackElo "1885"]
[PlyCount "48"]
[EventDate "2014.10.18"]
[EventRounds "11"]
[EventCountry "BRA"]

1. d4 Nf6 2. Bg5 g6 3. Nc3 d5 4. Qd2 Bg7 5. f3 O-O 6. Bh6 c5 7. Bxg7 Kxg7 8.
dxc5 d4 9. O-O-O Nc6 10. Ne4 Qd5 11. Kb1 Nxe4 12. fxe4 Qxc5 13. Nf3 e5 14. Ne1
Be6 15. Nd3 Qe7 16. h4 h6 17. e3 Rfd8 18. Be2 Rac8 19. Nc1 Nb4 20. Bd3 Bc4 21.
a3 Bxd3 22. Nxd3 Nxc2 23. exd4 Nxd4 24. Qe3 b5 {resto ilegÃ­vel} 0-1

[Event "IX American Continental Classical Championship 201"]
[Site "Hotel Pipa AtlÃ¢ntico - Praia da Pipa - Rio Grande"]
[Date "2014.10.19"]
[Round "2"]
[Board "54"]
[White "Lunelli, Neuri Antonio"]
[Black "De Vjunior, Liduino Furtado"]
[Result "0-1"]
[WhiteElo "1887"]
[BlackElo "2106"]
[PlyCount "62"]
[EventDate "2014.10.18"]
[EventRounds "11"]
[EventCountry "BRA"]

1. d4 d5 2. e3 c6 3. Bd3 Nf6 4. Nd2 Bg4 5. f3 Bh5 6. Nh3 Nbd7 7. O-O e5 8. Qe1
Bd6 9. c3 O-O 10. Qh4 Bg6 11. Bxg6 hxg6 12. Nf2 Qc7 13. c4 c5 14. dxe5 Nxe5 15.
cxd5 Nxd5 16. Nde4 Be7 17. Qh3 Qb6 18. b3 c4 19. Bb2 c3 20. Nxc3 Nxe3 21. Na4
Qd6 22. Ne4 Qc7 23. Rac1 Nc6 24. Rfe1 Nf5 25. Qg4 Rae8 26. Nf2 Bh4 27. Qc4 Kh8
28. Rxe8 Rxe8 29. Ne4 Qf4 30. Qxf7 Qe3+ 31. Kh1 Rd8 0-1

[Event "IX American Continental Classical Championship 201"]
[Site "Hotel Pipa AtlÃ¢ntico - Praia da Pipa - Rio Grande"]
[Date "2014.10.19"]
[Round "2"]
[Board "56"]
[White "Santos Filho, Tadeu Sousa"]
[Black "Gomes, Marco Tulio"]
[Result "1-0"]
[WhiteElo "2074"]
[BlackElo "1880"]
[PlyCount "67"]
[EventDate "2014.10.18"]
[EventRounds "11"]
[EventCountry "BRA"]

1. e4 c6 2. d4 d5 3. e5 Bf5 4. Nf3 e6 5. Be2 c5 6. Be3 Nc6 7. O-O Nge7 8. dxc5
Bg4 9. Nd4 Bxe2 10. Qxe2 Nxd4 11. Bxd4 Nc6 12. c3 Be7 13. b4 a6 14. Nd2 Qc7 15.
a4 O-O 16. f4 Rfe8 17. Rae1 Qd7 18. Qd1 Bf8 19. Qc2 Ne7 20. Nf3 h6 21. Nh4 Nf5
22. Nxf5 exf5 23. g4 fxg4 24. f5 Qe7 25. Qg2 Rad8 26. Qxg4 Qg5 27. Qxg5 hxg5
28. Kg2 Rc8 29. a5 Rc6 30. Re3 f6 31. Rfe1 fxe5 32. Rxe5 Rd8 33. Kg3 Kf7 34.
Kg4 1-0

[Event "IX American Continental Classical Championship 201"]
[Site "Hotel Pipa AtlÃ¢ntico - Praia da Pipa - Rio Grande"]
[Date "2014.10.19"]
[Round "2"]
[Board "57"]
[White "Farias, Edilsom"]
[Black "Bastos, Werton Alvarenga"]
[Result "0-1"]
[WhiteElo "1874"]
[BlackElo "2071"]
[PlyCount "116"]
[EventDate "2014.10.18"]
[EventRounds "11"]
[EventCountry "BRA"]

1. Nf3 c5 2. g3 Nf6 3. Bg2 g6 4. O-O Bg7 5. c4 O-O 6. Nc3 d5 7. cxd5 Nxd5 8.
Qb3 Nc7 9. d3 Nc6 10. Bd2 b6 11. Rfd1 Bb7 12. Rac1 Ne6 13. Be3 Ned4 14. Bxd4
cxd4 15. Nb1 Rc8 16. Nbd2 Na5 17. Qa4 e5 18. b4 Nc6 19. Nc4 Re8 20. a3 a6 21.
Qb3 Na7 22. a4 Bd5 23. Qa3 e4 24. Nfd2 f5 25. e3 Ba8 26. dxe4 fxe4 27. Bh3 Rc7
28. Nf1 d3 29. Nfd2 Rf7 30. Rf1 Nc6 31. Rb1 b5 32. Nb2 Qd6 33. Nd1 Bf8 34. Nc3
Qe5 35. Qb3 Nxb4 36. axb5 axb5 37. Ra1 Kg7 38. Ra5 Bc6 39. Bg2 Qf5 40. h4 Rb7
41. Kh2 Bd6 42. Bh3 Qc5 43. Bg2 Qf5 44. Bh3 Qh5 45. Kg2 Qc5 46. Kg1 Bc7 47.
Raa1 Nc2 48. Ra6 b4 49. Ncb1 Be5 50. Bg2 Bf6 51. Qa2 Ree7 52. Nb3 Qd5 53. N1d2
Rbc7 54. Ra5 Qf7 55. Rb1 Bc3 56. Ra6 Bd5 57. Qa4 Ra7 58. Qb5 Na3 0-1

[Event "IX American Continental Classical Championship 201"]
[Site "Hotel Pipa AtlÃ¢ntico - Praia da Pipa - Rio Grande"]
[Date "2014.10.19"]
[Round "2"]
[Board "58"]
[White "Parente, Renan Braz"]
[Black "De Freitas, Julio Eimard"]
[Result "1-0"]
[WhiteElo "2071"]
[BlackElo "1872"]
[PlyCount "89"]
[EventDate "2014.10.18"]
[EventRounds "11"]
[EventCountry "BRA"]

1. d4 d5 2. c4 c6 3. Nf3 Nf6 4. e3 e6 5. Nbd2 Nbd7 6. Bd3 Be7 7. O-O O-O 8. Qe2
Re8 9. Rd1 Bf8 10. e4 g6 11. e5 Nh5 12. Nf1 dxc4 13. Bxc4 Nb6 14. Bd3 Nd5 15.
Qe4 f5 16. exf6 Qxf6 17. Bg5 Qg7 18. Ng3 Nxg3 19. hxg3 Bd6 20. Re1 a5 21. Re2
a4 22. a3 b5 23. Qh4 Bd7 24. Rae1 Rac8 25. Bh6 Qf6 26. Ng5 Be7 27. Qg4 c5 28.
Nxe6 cxd4 29. Qe4 Bxe6 30. Qxe6+ Qxe6 31. Rxe6 Kf7 32. Bxb5 Red8 33. Bxa4 Rb8
34. b4 Bxb4 35. axb4 Rxb4 36. Bc6 Ne3 37. Bxe3 Kxe6 38. Bg5+ Kd6 39. Bxd8 Kxc6
40. Rd1 Kd5 41. Bf6 Ke4 42. Kf1 d3 43. f3+ Ke3 44. Be7 Rc4 45. Re1+ 1-0

[Event "IX American Continental Classical Championship 201"]
[Site "Hotel Pipa AtlÃ¢ntico - Praia da Pipa - Rio Grande"]
[Date "2014.10.19"]
[Round "2"]
[Board "59"]
[White "Gomes, Jose Murilo"]
[Black "Fiaes, Mario Henrique Andrade"]
[Result "0-1"]
[WhiteElo "1864"]
[BlackElo "2070"]
[PlyCount "70"]
[EventDate "2014.10.18"]
[EventRounds "11"]
[EventCountry "BRA"]

1. Nf3 Nf6 2. g3 c5 3. Bg2 d5 4. O-O Nc6 5. d3 g6 6. b3 Bg7 7. Bb2 O-O 8. Nbd2
Re8 9. Re1 Qc7 10. Rb1 e5 11. e4 d4 12. a4 a6 13. Ra1 Bd7 14. Rf1 b5 15. axb5
axb5 16. Qe2 Nb4 17. c3 Na2 18. cxd4 cxd4 19. Nb1 Nc3 20. Bxc3 dxc3 21. Rxa8
Rxa8 22. Qc2 b4 23. Nbd2 Bb5 24. Nc4 Nd7 25. Rb1 Ra6 26. Ne1 Nc5 27. Bf1 Ne6
28. Qc1 Nd4 29. Nc2 Nxc2 30. Qxc2 Bh6 31. Ne3 Qa7 32. Qe2 Bxe3 33. fxe3 Ra1 34.
Rxa1 Qxa1 35. Qg4 Bxd3 0-1

[Event "IX American Continental Classical Championship 201"]
[Site "Hotel Pipa AtlÃ¢ntico - Praia da Pipa - Rio Grande"]
[Date "2014.10.19"]
[Round "2"]
[Board "60"]
[White "Cardoso, Almir Correia"]
[Black "Macedo, Alexandre Soares De"]
[Result "0-1"]
[WhiteElo "2066"]
[BlackElo "1854"]
[PlyCount "100"]
[EventDate "2014.10.18"]
[EventRounds "11"]
[EventCountry "BRA"]

1. d4 d5 2. c4 e6 3. Nc3 Nf6 4. Nf3 Be7 5. e3 O-O 6. Bd3 dxc4 7. Bxc4 a6 8. O-O
c5 9. Bd2 b5 10. Bb3 Bb7 11. Rc1 Nbd7 12. a3 Qb6 13. Qe2 Rfd8 14. Rfd1 Rac8 15.
Be1 c4 16. Bc2 a5 17. e4 b4 18. axb4 axb4 19. e5 Nh5 20. Ne4 Nf4 21. Qd2 Nd5
22. Bb1 Nf8 23. Qc2 Ba6 24. Neg5 h6 25. Nh7 Ng6 26. h4 Ndf4 27. Qe4 Bb7 28. Qe3
Qc6 29. Bxg6 Nxg6 30. h5 Nh4 31. Nf6+ Bxf6 32. exf6 Nxf3+ 33. gxf3 Qxf3 34.
Qxf3 Bxf3 35. Rd2 Rc6 36. Rdc2 Rxd4 37. Kh2 b3 38. Rc3 Bxh5 39. Rxb3 Rc5 40.
Rb8+ Kh7 41. fxg7 Rh4+ 42. Kg3 Rg4+ 43. Kh3 Rxg7 44. Bc3 e5 45. Re1 f6 46. Rf8
Bg4+ 47. Kg3 Be2+ 48. Kh3 e4 49. Bxf6 Rh5+ 50. Bh4 Rg4 0-1

[Event "IX American Continental Classical Championship 201"]
[Site "Hotel Pipa AtlÃ¢ntico - Praia da Pipa - Rio Grande"]
[Date "2014.10.19"]
[Round "2"]
[Board "61"]
[White "Fiora, Emilio"]
[Black "Reis, Virginia Lagrange M."]
[Result "1-0"]
[WhiteElo "2058"]
[BlackElo "1852"]
[PlyCount "57"]
[EventDate "2014.10.18"]
[EventRounds "11"]
[EventCountry "BRA"]

1. d4 Nf6 2. Nc3 c5 3. d5 d6 4. e4 g6 5. f4 a6 6. Nf3 Bg7 7. Be2 b5 8. e5 Nfd7
9. Ne4 Qc7 10. Nfg5 dxe5 11. d6 Qa5+ 12. Bd2 Qb6 13. Bc3 e6 14. Nxf7 O-O 15.
Nfg5 Rxf4 16. Bf3 Bb7 17. Qe2 Bd5 18. g3 Rf8 19. Bg4 Nc6 20. Bxe6+ Bxe6 21.
Nxe6 Rf5 22. g4 Rf7 23. O-O-O Nd4 24. Bxd4 exd4 25. N4g5 Bh6 26. Kb1 Bxg5 27.
Nxg5 Qxd6 28. Nxf7 Kxf7 29. Qf3+ 1-0

[Event "IX American Continental Classical Championship 201"]
[Site "Hotel Pipa AtlÃ¢ntico - Praia da Pipa - Rio Grande"]
[Date "2014.10.19"]
[Round "2"]
[Board "63"]
[White "Pinto, Rafael Henrique"]
[Black "Lucena, Helianto Dos Santos"]
[Result "1-0"]
[WhiteElo "2042"]
[BlackElo "1846"]
[PlyCount "80"]
[EventDate "2014.10.18"]
[EventRounds "11"]
[EventCountry "BRA"]

1. d4 Nf6 2. c4 g6 3. g3 Bg7 4. Bg2 O-O 5. e4 d6 6. Nc3 e5 7. d5 c6 8. h3 cxd5
9. exd5 Nbd7 10. Nf3 a6 11. O-O Rb8 12. a4 Qc7 13. b3 h6 14. Ne1 Nc5 15. Ba3
Nh5 16. b4 Nd7 17. Qb3 Qb6 18. a5 Qa7 19. c5 dxc5 20. bxc5 Nxc5 21. Qc4 Nd7 22.
Bxf8 Nxf8 23. Kh2 Nf6 24. Nc2 Bf5 25. Ne3 Rc8 26. Qb4 Bd3 27. Rfd1 e4 28. Rac1
N8d7 29. Nxe4 Rxc1 30. Nxf6+ Bxf6 31. Rxc1 Kg7 32. Rc7 Bb5 33. d6 Qb8 34. Rxb7
Qe8 35. Nd5 Qe2 36. Nxf6 Nxf6 37. Qd4 Qe6 38. Re7 Qc8 39. Bd5 Be8 40. d7 Qxd7
 1-0

[Event "IX American Continental Classical Championship 201"]
[Site "Hotel Pipa AtlÃ¢ntico - Praia da Pipa - Rio Grande"]
[Date "2014.10.19"]
[Round "2"]
[Board "64"]
[White "De Barros E Silva, Byron Veras"]
[Black "Rocha, Vitor Firmo De Souza"]
[Result "0-1"]
[WhiteElo "1853"]
[BlackElo "2041"]
[PlyCount "106"]
[EventDate "2014.10.18"]
[EventRounds "11"]
[EventCountry "BRA"]

1. f4 d5 2. Nf3 Nf6 3. d4 Bf5 4. e3 e6 5. c4 Be7 6. Nc3 O-O 7. Be2 c5 8. O-O
Nc6 9. a3 cxd4 10. exd4 dxc4 11. Bxc4 Rc8 12. Ba2 Qb6 13. Qb3 Nxd4 14. Qxb6
Nxf3+ 15. Rxf3 axb6 16. Be3 Bc5 17. Bb1 Bxb1 18. Rxb1 Ng4 19. Bxc5 bxc5 20. h3
Nf6 21. Rd1 Rfd8 22. Rfd3 Rxd3 23. Rxd3 Kf8 24. Kf2 Ke7 25. Ke2 Rc7 26. Re3 Rd7
27. f5 Rd6 28. g4 Kd7 29. g5 Nd5 30. fxe6+ fxe6 31. Nxd5 exd5 32. Rb3 Re6+ 33.
Kd2 Kc6 34. Rf3 Re5 35. h4 Re4 36. Rh3 Rg4 37. Rh2 d4 38. Kd3 b5 39. b3 Kd5 40.
a4 c4+ 41. bxc4+ bxc4+ 42. Kc2 Kc5 43. Kd1 Kb4 44. Rb2+ Kxa4 45. Rb7 Rxh4 46.
Rxg7 Kb3 47. g6 hxg6 48. Rxg6 Kc3 49. Rg3+ d3 50. Rg1 Rh2 51. Kc1 Ra2 52. Kb1
Rb2+ 53. Ka1 Rb8 0-1

[Event "IX American Continental Classical Championship 201"]
[Site "Hotel Pipa AtlÃ¢ntico - Praia da Pipa - Rio Grande"]
[Date "2014.10.19"]
[Round "2"]
[Board "65"]
[White "Hurtado Bahamonde, Rodrigo"]
[Black "Feijo, Francisco Celio"]
[Result "1-0"]
[WhiteElo "2040"]
[BlackElo "1825"]
[PlyCount "61"]
[EventDate "2014.10.18"]
[EventRounds "11"]
[EventCountry "BRA"]

1. e4 e6 2. d4 d5 3. e5 c5 4. c3 Nc6 5. Nf3 Bd7 6. a3 c4 7. Be2 Nge7 8. Nbd2
Nf5 9. b3 b5 10. a4 a6 11. O-O Be7 12. h3 O-O 13. g4 Nh4 14. Nxh4 Bxh4 15. Ba3
Be7 16. Qc1 b4 17. Bb2 bxc3 18. Bxc3 cxb3 19. Nxb3 f6 20. Qe3 fxe5 21. dxe5 Nb4
22. Qd2 Rb8 23. a5 Nc6 24. Rab1 Bc8 25. Nd4 Nxd4 26. Bxd4 Bg5 27. Qc3 Bf4 28.
Rxb8 Qd7 29. Qc5 Re8 30. Qb6 Qa4 31. Rxc8 1-0

[Event "IX American Continental Classical Championship 201"]
[Site "Hotel Pipa AtlÃ¢ntico - Praia da Pipa - Rio Grande"]
[Date "2014.10.19"]
[Round "2"]
[Board "66"]
[White "Leao, Flavio Sanchez"]
[Black "Xavier, Lucca Lucas"]
[Result "0-1"]
[WhiteElo "1847"]
[BlackElo "2039"]
[PlyCount "36"]
[EventDate "2014.10.18"]
[EventRounds "11"]
[EventCountry "BRA"]

1. e4 e5 2. Nf3 Nc6 3. d4 exd4 4. Nxd4 Nf6 5. Nc3 Bb4 6. Nxc6 bxc6 7. Bd3 O-O
8. O-O Re8 9. Re1 Rb8 10. a3 Bc5 11. e5 Nd5 12. Nxd5 cxd5 13. b4 Bf8 14. Qh5 g6
15. Qg4 d6 16. Qg3 dxe5 17. Rxe5 Rxe5 18. Qxe5 Bg7 0-1

[Event "IX American Continental Classical Championship 201"]
[Site "Hotel Pipa AtlÃ¢ntico - Praia da Pipa - Rio Grande"]
[Date "2014.10.19"]
[Round "2"]
[Board "67"]
[White "Cella, Glaucio Dalla Cortt"]
[Black "Costa, Paulo Sergio"]
[Result "1-0"]
[WhiteElo "2033"]
[BlackElo "1806"]
[PlyCount "63"]
[EventDate "2014.10.18"]
[EventRounds "11"]
[EventCountry "BRA"]

1. e4 c5 2. Nf3 Nc6 3. c3 d6 4. d4 cxd4 5. cxd4 a6 6. d5 Nb8 7. Nc3 Bg4 8. Qb3
b6 9. Be3 Nd7 10. Nd4 Nc5 11. Qc2 e5 12. Nc6 Qc7 13. b4 Nd7 14. f3 Bh5 15. Qa4
Qb7 16. f4 f6 17. Rc1 Ne7 18. Nb1 b5 19. Qc2 Rc8 20. a4 Nb8 21. axb5 axb5 22.
Na5 Rxc2 23. Nxb7 Rxc1+ 24. Bxc1 Kd7 25. Bxb5+ Kc7 26. Na5 Kb6 27. Bd3 Nc8 28.
Na3 Be8 29. Be3+ Kc7 30. Kd2 Nd7 31. Nb5+ Kd8 32. Nc6# 1-0

[Event "IX American Continental Classical Championship 201"]
[Site "Hotel Pipa AtlÃ¢ntico - Praia da Pipa - Rio Grande"]
[Date "2014.10.19"]
[Round "2"]
[Board "68"]
[White "Baltar, Petrov Ferreira"]
[Black "Rodrigues, Nei Jorge"]
[Result "0-1"]
[WhiteElo "1844"]
[BlackElo "2033"]
[PlyCount "56"]
[EventDate "2014.10.18"]
[EventRounds "11"]
[EventCountry "BRA"]

1. d4 Nf6 2. Bg5 d6 3. Nd2 g6 4. Bxf6 exf6 5. d5 Bg7 6. g3 O-O 7. Bg2 f5 8. Rb1
Nd7 9. Ngf3 Nf6 10. O-O Nxd5 11. c4 Nf6 12. Qc2 Re8 13. Rfe1 c6 14. b4 Ne4 15.
Rb3 a5 16. Nxe4 fxe4 17. Nd2 f5 18. Nf1 axb4 19. Rxb4 Qa5 20. Reb1 Qxa2 21. Qd1
d5 22. cxd5 Qxd5 23. Ne3 Qxd1+ 24. Nxd1 Ra2 25. Bf1 Rd8 26. e3 Rad2 27. Bc4+
Kf8 28. Bb3 b5 0-1

[Event "IX American Continental Classical Championship 201"]
[Site "Hotel Pipa AtlÃ¢ntico - Praia da Pipa - Rio Grande"]
[Date "2014.10.19"]
[Round "2"]
[Board "69"]
[White "Pinheiro, Davi Sales"]
[Black "Silva, Carolina Alves"]
[Result "0-1"]
[WhiteElo "2022"]
[BlackElo "1791"]
[PlyCount "80"]
[EventDate "2014.10.18"]
[EventRounds "11"]
[EventCountry "BRA"]

1. d4 Nf6 2. c4 e6 3. Nc3 d5 4. Bg5 Be7 5. e3 O-O 6. Bd3 c6 7. cxd5 cxd5 8. Nf3
b6 9. Qe2 Bb7 10. h3 Nc6 11. a3 Rc8 12. O-O Na5 13. Rac1 Nc4 14. Ne5 Nxe5 15.
dxe5 Nd7 16. Bxe7 Qxe7 17. b4 Nxe5 18. Bxh7+ Kxh7 19. Qh5+ Kg8 20. Qxe5 f6 21.
Qg3 a5 22. Na4 axb4 23. Nxb6 Rxc1 24. Rxc1 e5 25. axb4 Qxb4 26. Nd7 Rf7 27. Rc7
Qd6 28. Rxb7 Rxd7 29. Rxd7 Qxd7 30. Qg6 d4 31. Qd3 Kf7 32. f4 Qa7 33. exd4
Qxd4+ 34. Qxd4 exd4 35. Kf2 Ke6 36. Kf3 Kd5 37. g4 g5 38. fxg5 fxg5 39. Ke2 Ke4
40. Kd2 Kf4 0-1